| 000 | 00500nam a2200181 a 4500 | ||
|---|---|---|---|
| 001 | 5895 | ||
| 003 | CO-ViMGA | ||
| 008 | 141112s2004 ck r 000 u spa d | ||
| 040 |
_aCO-ViMGA _bspa _cCO-ViMGA |
||
| 082 | 0 | 4 | _aR346.07 C656ct |
| 100 | 1 |
_aColombia. Leyes y Decretos _951219 |
|
| 245 | 1 | 0 | _aCódigo de comercio |
| 260 |
_aSantafé de Bogotá : _bTemis, _c1996 |
||
| 300 | _a1452 p | ||
| 490 | _aCódigos de bolsillo temis, 6 | ||
| 650 | 1 | 4 |
_aDERECHO COMERCIAL - CODIGOS _96164 |
| 942 |
_2ddc _cBK |
||
| 999 |
_c17871 _d17871 |
||